Základní požadavky na usně určené pro čalounické výrobky drobné vady líce usně jsou symbolem a potvrzením "pravosti kůže"

Bibliographic Details
Main Author: Štachová, Miloslava (Author)
Format: Article
Language:Slovak
Czech
PhysicalDescription:Tab.
ISSN:1335-7018
Subjects:

MARC

LEADER 00000nab a2200000 a 4500
001 vtls008303459
003 SK-MaSNL
005 20260304140941.0
008 250505c2005 xo mr|p|||||||000 b|slo
015 |a SNBRB2005/10  |2 snkbucl 
035 |a (uuid)a75b79db-cf2a-4eed-baf5-55b1e7d3fdef 
035 |a urn:nbn:sk:snk-ab9f2l 
035 |a (urnnbn)urn:nbn:sk:snk:ar-a08c3j 
038 |a SNKBUCL 
040 |a SNKBUCL  |b slo  |c SNKBUCL  |e AACR2 
041 0 |a cze 
044 |a xo  |c SK 
080 |a 675.1:006  |x (437.1/.2)  |x (4)  |2 1997 
080 |a 684.7  |2 1997 
080 |a 006  |x (437.1/.2)  |x (4)  |2 1997 
100 1 |a Štachová, Miloslava  |4 aut  |9 1458178 
245 1 0 |a Základní požadavky na usně určené pro čalounické výrobky  |b drobné vady líce usně jsou symbolem a potvrzením "pravosti kůže"  |c Miloslava Štachová 
300 |b Tab. 
610 2 7 |a Európska únia  |2 snkbucl  |9 29861 
650 0 7 |a usne  |2 snkbucl  |9 318936 
650 0 7 |a normy a štandardy  |2 snkbucl  |9 74702 
650 0 7 |a čalúnnictvo  |2 snkbucl  |9 66984 
651 7 |a Česko  |2 snkbucl  |9 16753 
773 0 |t Stolársky magazín  |g Roč. 6, č. 6 (2005), s. 60-61  |x 1335-7018 
850 |a Slovenská národná knižnica 
852 |a Slovenská národná knižnica 
958 |a article13 
958 |a OND 
958 |a CZ 
958 |a EUIPO 
999 |c 2916839  |d 2918769